000 00860nam a2200277 a 4500
001 9839
003 CO-ViMGA
008 141112s2004 ck r 000 u spa d
020 _a9580420866
040 _aCO-ViMGA
_bspa
_cCO-ViMGA
082 0 4 _a657 B687
100 1 _aBolaño A ; Cesar A.,
_911727
245 1 0 _aContabilidad Comercial :
_bMejores Recursos Humanos en la Empresa
260 _aSantafé de Bogotá :
_bNorma,
_c1998
300 _a381p.
650 1 4 _aAJUSTES INTEGRALES POR INFLACION
_911728
650 1 4 _aASPECTOS GENERALES DE LA CONTABILIDAD
_911729
650 1 4 _aESTADOS FINANCIEROS
_911730
650 1 4 _aINVENTARIOS
_911731
650 1 4 _aIVA
_951775
650 1 4 _aLAS CUENTAS
_911732
650 1 4 _aLIBROS DE CONTABILIDAD
_911733
650 1 4 _aPRESTACIONES SOCIALES
_911734
650 1 4 _aRETENCION EN LA FUENTE
_911735
942 _2ddc
_cBK
999 _c21221
_d21221